Вып. 17; Тепловые напряжения в элементах конструкций

Бібліографічні деталі
Parent link:Тепловые напряжения в элементах конструкций: республиканский межведомственный сборник/ Академия наук Украинской ССР (АН УССР), Институт механики. Вып. 17.— , 1961-
Інші автори: Коваленко А. Д. (редактор)
Мова:Російська
Опубліковано: 1977
Предмети:
Формат: Книга
KOHA link:https://koha.lib.tpu.ru/cgi-bin/koha/opac-detail.pl?biblionumber=352842

MARC

LEADER 00000nam2a2200000 4500
001 352842
005 20231102010534.0
035 |a (RuTPU)RU\TPU\retro\9660 
035 |a RU\TPU\retro\9652 
090 |a 352842 
100 |a 20200207d1977 k y0rusy50 ca 
101 0 |a rus 
102 |a UA 
105 |a a z 101zy 
200 0 |a Вып. 17  |f под ред. А. Д. Коваленко 
210 |d 1977 
215 |a 120 с.  |c ил. 
320 |a Библиогр. в конце докладов 
461 1 |0 (RuTPU)RU\TPU\book\253646  |t Тепловые напряжения в элементах конструкций  |o республиканский межведомственный сборник  |f Академия наук Украинской ССР (АН УССР), Институт механики  |v Вып. 17  |d 1961-  
606 1 |a Турбомашины  |2 stltpush  |3 (RuTPU)RU\TPU\subj\62118  |9 79267 
606 1 |a Оболочки тонкие  |x Напряжения температурные  |2 stltpush  |3 (RuTPU)RU\TPU\subj\46541  |9 65667 
606 1 |a Пластины  |x Напряжения температурные  |2 stltpush  |3 (RuTPU)RU\TPU\subj\49039  |9 67850 
610 1 |a термоупругость 
610 1 |a пологие ребристые оболочки 
610 1 |a изотермическое нагружение 
610 1 |a решения задач 
610 1 |a термопластичность 
610 1 |a термоупругие напряжения 
610 1 |a термосиловые нагрузки 
610 1 |a стеклопластик 
610 1 |a асботектекстолитовые конструкции 
610 1 |a тензорезисторы 
675 |a 62-135  |v 3 
675 |a 539.377  |v 3 
702 1 |a Коваленко  |b А. Д.  |4 340 
801 1 |a RU  |b 63413507  |c 20151013 
801 2 |a RU  |b 63413507  |c 20200304  |g RCR 
942 |c BK